|
|
|
|
| LEADER |
01062pam a22002898a 4500 |
| 001 |
00025634 |
| 005 |
20171026081023.0 |
| 008 |
110810s2008 ||||||viesd |
| 020 |
|
|
|c 59000
|
| 041 |
0 |
# |
|a vie
|
| 082 |
1 |
4 |
|a 895.922 09
|b L300L
|
| 100 |
1 |
# |
|a Trần Mạnh Tiến
|
| 245 |
1 |
0 |
|a Lí luận phê bình văn học Việt Nam đầu thế kỉ XX
|b Chuyên khảo
|c Trần Mạnh Tiến
|
| 260 |
# |
# |
|a H.
|b Đại học Sư phạm
|c 2008
|
| 300 |
# |
# |
|a 357 tr.
|c 24 cm.
|
| 504 |
# |
# |
|a Thư mục: tr. 345-356
|
| 650 |
# |
4 |
|a Lí luận phê bình
|
| 650 |
# |
4 |
|a Việt Nam
|
| 650 |
# |
4 |
|a Thế kỉ 20
|
| 650 |
# |
4 |
|a Phê bình văn học
|
| 650 |
# |
4 |
|a Lí luận văn học
|
| 650 |
# |
4 |
|a Nghiên cứu văn học
|
| 852 |
# |
# |
|b Kho mượn
|j KM.0007837, KM.0007676, KM.0007684, KM.0007804
|
| 852 |
# |
# |
|j KD.0010601
|j KM.0007837
|j KM.0007676
|j KM.0007804
|j KM.0007684
|
| 852 |
# |
# |
|b Kho đọc
|j KD.0010601
|
| 910 |
|
|
|d 10/08/2011
|
| 980 |
# |
# |
|a Trung tâm Học liệu Lê Vũ Hùng, Trường Đại học Đồng Tháp
|